| 000 | 01346cam a2200289 4500500 | ||
|---|---|---|---|
| 005 | 20260111075039.0 | ||
| 041 | _afre | ||
| 042 | _adc | ||
| 100 | 1 | 0 |
_aDobré, Michelle _eauthor |
| 700 | 1 | 0 |
_aHaesler, Aldo J. _eauthor |
| 245 | 0 | 0 | _aLe « communisme de luxe » est-il compatible avec l’écologie ? Ou comment les IA vont tout changer |
| 260 | _c2025. | ||
| 500 | _a62 | ||
| 520 | _aCet article propose d’analyser le contenu, la portée et les arrière-plans culturels des thèses soutenues par Aaron Bastani afin d’interroger leur pertinence face à la crise écologique actuelle. | ||
| 520 | _aThis article proposes to analyze the content, scope and cultural background of the theses defended by Aaron Bastani in order to question their relevance regarding the current ecological crisis. | ||
| 690 | _aCommunisme de luxe | ||
| 690 | _aCrise écologique | ||
| 690 | _aIntelligence artificielle | ||
| 690 | _aOptimisme technologique | ||
| 690 | _aRêve de surabondance | ||
| 690 | _aArtificial intelligence | ||
| 690 | _aEcological crisis | ||
| 690 | _aLuxury communism | ||
| 690 | _aTechnological optimism | ||
| 786 | 0 | _nDroit, Santé et Société | 12 | 3 | 2025-12-17 | p. 29-34 | 2606-6645 | |
| 856 | 4 | 1 | _uhttps://droit.cairn.info/revue-droit-sante-et-societe-2025-3-page-29?lang=fr&redirect-ssocas=7080 |
| 999 |
_c1615654 _d1615654 |
||